000 01124nam a22003497a 4500
003 CHAP
005 20220329143736.0
008 110520s1995 es a r 00010 spa d
010 _a101244
011 _a102216
020 _a8488903081
035 _a112904
040 _cCHAP
082 0 4 _a615.321
_bR61
100 1 _aRodríguez, Jorge J.
_998997
245 1 0 _aTepezcohuite :
_bel árbol de la piel, un milagro de la naturaleza
_c/por Jorge J. Rodríguez
260 _aValencia, Esp. :
_bTERAPION,
_c1995
300 _a93 p. :
_bilus.
490 0 _aColección TERAPION
590 _aBATCH-UPD
_b10
_c20130110
_lUCH01
_h1138
590 _aBATCH-UPD
_b10
_c20130410
_lUCH01
_h0724
590 _aBATCH-UPD
_b10
_c20130914
_lUCH01
_h0744
590 _aCONVERSION
_b10
_c20130109
_lUCH01
_h1356
650 1 4 _aBotánica médica.
_914680
650 1 4 _aMateria médica.
_972929
650 1 4 _aMimosa tenuiflora.
_975899
650 1 4 _aTerapéutica fisiológica.
_9112346
830 0 _aColección TERAPION
_925000
901 _aBK
942 _cLIBRO
949 _a615.321 R61
_bBC
_cLIBRO
_d33724002251223
_eLIBRO
_h114968
_i112904
_sb
999 _c101244
_d101244